000 00833cam a2200265 4500
999 _c2820
_d2820
001 .b15705894
003 OCoLC
005 20230823084300.0
008 070429s2005 xxka j 000 0 eng d
020 _a9781405080668
_cpaperback
040 _aNTUTL
_cNTUTL
_dYDXCP
_dKH8
082 4 _a823.914 CAB
100 1 _aCabot, Meg,
_eauthor.
245 1 4 _aThe princess diaries :
_bBook 2 /
_cMeg Cabot.
260 _aOxford :
_bMacmillan Heinemann ELT.,
_cc2005.
300 _a2 v. :
_bill. ;
_c20 cm
440 0 _aMacmillan readers.
_n3,
_pElementary level.
650 0 _aReaders for new literates.
650 0 _aEnglish language
_vTextbooks for foreign speakers.
655 7 _aReaders
_2lcsh.
655 7 _aEnglish language.
_2lcsh.
700 1 _aCollins, Anne,
_eauthor.
700 1 _aDonnelly, Karen,
_eillustrator.
942 _2ddc
_cTR